Wheater's Basic Pathology: (Record no. 708)

MARC details
000 -LEADER
fixed length control field 00677nam a22002177a 4500
003 - CONTROL NUMBER IDENTIFIER
control field OSt
005 - DATE AND TIME OF LATEST TRANSACTION
control field 20210419102123.0
008 - FIXED-LENGTH DATA ELEMENTS--GENERAL INFORMATION
fixed length control field 141106b xxu||||| |||| 00| 0 eng d
020 ## - INTERNATIONAL STANDARD BOOK NUMBER
International Standard Book Number 9780443067976
040 ## - CATALOGING SOURCE
Transcribing agency DNLM
082 ## - DEWEY DECIMAL CLASSIFICATION NUMBER
Classification number QZ4 Y84w 2011
100 ## - MAIN ENTRY--PERSONAL NAME
Personal name Young, Barbara; Stewart, William; O'Dowd, Geraldine
9 (RLIN) 425
245 ## - TITLE STATEMENT
Title Wheater's Basic Pathology:
Remainder of title a text, atlas and review of histopathology
250 ## - EDITION STATEMENT
Edition statement 5th ed.
260 ## - PUBLICATION, DISTRIBUTION, ETC. (IMPRINT)
Place of publication, distribution, etc. UK :
Name of publisher, distributor, etc. Churchill Livingstone ELSEVIER
Date of publication, distribution, etc. 2011
300 ## - PHYSICAL DESCRIPTION
Extent X, 337 p :
Other physical details col.ill ;
Dimensions 30 cm.
504 ## - BIBLIOGRAPHY, ETC. NOTE
Bibliography, etc Includes bibliographical references and index.
650 ## - SUBJECT ADDED ENTRY--TOPICAL TERM
Topical term or geographic name as entry element Pathology.
9 (RLIN) 37
650 ## - SUBJECT ADDED ENTRY--TOPICAL TERM
Topical term or geographic name as entry element Histopathology
9 (RLIN) 1849
942 ## - ADDED ENTRY ELEMENTS (KOHA)
Source of classification or shelving scheme Other/Generic Classification Scheme
Koha item type Short Loan
Holdings
Withdrawn status Lost status Source of classification or shelving scheme Damaged status Not for loan Home library Current library Date acquired Source of acquisition Inventory number Total Checkouts Full call number Barcode Date last seen Price effective from Koha item type
    Other/Generic Classification Scheme     MUST Main Library MUST Main Library 06/11/2014   11/35285   QZ 4 Y84w 2011 2014-3307 06/11/2014 06/11/2014 Short Loan